00357cam a2200145ua 4500001000400000008003900004040000900043082000800052245003200060250002800092260002400120300002100144653001400165653003200179307110329n enk |||gr||||Z||||||eng cMAIN a30010aFrontiers of social science bedited by Baljit Singh. aLondon:bMacmillan. axi, 519p:c50cm. aSociology aFrontiers of social science